[Event "Hofheim Spring op-B 5th"]
[Site "Hofheim"]
[Date "2017.04.11"]
[Round "9"]
[White "Spitzlei, Philipp"]
[Black "Geltz, Jochen"]
[Result "0-1"]
[WhiteElo "1905"]
[BlackElo "1474"]
[PlyCount "96"]
[EventDate "2017.04.07"]
[EventType "swiss"]
[EventRounds "9"]
[EventCountry "GER"]
[SourceTitle "CBM 178 Extra"]
[Source "ChessBase"]
[SourceDate "2017.06.22"]
[SourceVersion "1"]
[SourceVersionDate "2017.06.22"]
[SourceQuality "1"]

1. e4 e6 2. d4 d5 3. e5 c5 4. c3 Nc6 5. Nf3 Nge7 6. a3 Ng6 7. b4 c4 8. g3 h6 9. Bg2 Be7 10. 0-0 b5 11. Nbd2 f6 12. exf6 Bxf6 13. Re1 0-0 14. Nf1 Re8 15. Ne3 e5 16. dxe5 Ncxe5 17. Nxe5 Nxe5 18. Bxd5+ Be6 19. Bxa8 Qxa8 20. f4 Nf3+ 21. Kf2 Nxe1 22. Qxe1 Bg4 23. Ra2 g5 24. Qd2 Rd8 25. Qc2 Rd3 26. Nxg4 Qf3+ 27. Ke1 Bxc3+ 28. Bd2 Bxd2+ 29. Qxd2 Rxd2 30. Nxh6+ Kh7 31. Rxd2 Qh1+ 32. Ke2 Kxh6 33. fxg5+ Kxg5 34. Rd7 Qxh2+ 35. Kd1 Qg1+ 36. Kc2 Qg2+ 37. Kb1 Qe4+ 38. Kb2 Qe2+ 39. Kc3 Qe3+ 40. Kc2 Qb3+ 41. Kc1 Qxa3+ 42. Kc2 Kg4 43. Rd4+ Kxg3 44. Rd5 Qb3+ 45. Kc1 Qxb4 46. Rd2 Kf3 47. Rb2 Qxb2+ 48. Kxb2 Ke4 0-1

[Event "Hofheim Spring op-B 5th"]
[Site "Hofheim"]
[Date "2017.04.10"]
[Round "6"]
[White "Goodwin, David"]
[Black "Geltz, Jochen"]
[Result "1/2-1/2"]
[WhiteElo "1536"]
[BlackElo "1474"]
[PlyCount "108"]
[EventDate "2017.04.07"]
[EventType "swiss"]
[EventRounds "9"]
[EventCountry "GER"]
[SourceTitle "CBM 178 Extra"]
[Source "ChessBase"]
[SourceDate "2017.06.22"]
[SourceVersion "1"]
[SourceVersionDate "2017.06.22"]
[SourceQuality "1"]

1. Nf3 Nc6 2. g3 e5 3. d3 Nf6 4. Bg2 d5 5. 0-0 Bd6 6. Nbd2 Bf5 7. a3 h6 8. c4 d4 9. b4 b6 10. Nh4 Bd7 11. Nf5 0-0 12. Nxd6 cxd6 13. b5 Ne7 14. Bxa8 Qxa8 15. Nf3 e4 16. dxe4 Nxe4 17. Qxd4 Nf5 18. Qd5 Qe8 19. Bb2 Nc5 20. Rfe1 Be6 21. Qc6 Bxc4 22. Qxe8 Rxe8 23. e4 Ne7 24. Nd4 Nd3 25. Re2 Ng6 26. Bc3 Nc5 27. Re3 Rxe4 28. Rxe4 Nxe4 29. Bb2 a5 30. bxa6 Bxa6 31. Nf5 f6 32. f3 Ng5 33. Kf2 Ne5 34. Bxe5 dxe5 35. Rc1 Bb7 36. Rc7 Bxf3 37. Nxg7 e4 38. Nf5 h5 39. h4 Ne6 40. Ra7 b5 41. Ke3 Nc5 42. Nd4 Kf8 43. Nxf3 exf3 44. Kxf3 Nd3 45. Ke3 Ne5 46. Ke4 Nf7 47. Rxf7+ Kxf7 48. Kd5 f5 49. Ke5 Kg6 50. Kf4 Kf6 51. Kf3 Ke5 52. Ke3 Kd5 53. Kd3 Kc5 54. Kc3 Kd5 1/2-1/2

[Event "Hofheim Spring op-B 5th"]
[Site "Hofheim"]
[Date "2017.04.08"]
[Round "2"]
[White "Schwarz, Daniel"]
[Black "Geltz, Jochen"]
[Result "1-0"]
[WhiteElo "1757"]
[BlackElo "1474"]
[PlyCount "43"]
[EventDate "2017.04.07"]
[EventType "swiss"]
[EventRounds "9"]
[EventCountry "GER"]
[SourceTitle "CBM 178 Extra"]
[Source "ChessBase"]
[SourceDate "2017.06.22"]
[SourceVersion "1"]
[SourceVersionDate "2017.06.22"]
[SourceQuality "1"]

1. e4 e6 2. d4 d5 3. Nc3 c5 4. Nf3 Nf6 5. Bg5 dxe4 6. Nxe4 Qa5+ 7. Bd2 Qb6 8. Nxf6+ gxf6 9. Bc3 Nc6 10. Qd2 Bg7 11. 0-0-0 0-0 12. Qf4 Nb4 13. Bc4 Nd5 14. Bxd5 exd5 15. dxc5 Qd8 16. Nh4 a5 17. Nf5 Bxf5 18. Qxf5 Qe7 19. Rhe1 Qxc5 20. Bxf6 Bh6+ 21. Kb1 Bg7 22. Qg5 1-0